000 00294nam a22001337a 4500
008 170629b xxu||||| |||| 00| 0 eng d
020 _a9780674008649
041 _aeng
080 _a94
100 _a18
101 _aSHH
245 _aAFTER THE GOLD WAR
_cKEOHANE.R.O
942 _2udc
_cBK
999 _c19638
_d19638